[Event "Catalunya-chT Gp2"]
[Site "Barcelona"]
[Date "2023.02.11"]
[Round "4.8"]
[White "Martin Gonzalez, Angel"]
[Black "Bals Hernandez, Jordi"]
[Result "0-1"]
[WhiteElo "2213"]
[BlackElo "2117"]
[PlyCount "93"]
[EventDate "2023.01.21"]
[EventType "team-tourn"]
[EventRounds "7"]
[EventCountry "ESP"]
[SourceTitle "CBM 213 Extra"]
[Source "ChessBase"]
[SourceDate "2023.05.31"]
[SourceVersion "1"]
[SourceVersionDate "2023.05.31"]
[SourceQuality "1"]
[WhiteTeam "Barcelona Escacs CC"]
[BlackTeam "Mollet"]
[WhiteTeamCountry "ESP"]
[BlackTeamCountry "ESP"]

1. e4 c5 2. Nf3 Nc6 3. d4 cxd4 4. Nxd4 g6 5. Nc3 Bg7 6. Be3 Nf6 7. Bc4 0-0 8. Bb3 d6 9. f3 Bd7 10. h4 Na5 11. h5 Nxb3 12. axb3 Nxh5 13. g4 Nf6 14. Qd2 Bxg4 15. fxg4 Nxg4 16. 0-0-0 Qa5 17. Kb1 Qe5 18. Bf4 Qxd4 19. Qe2 Qf6 20. Qxg4 h5 21. Qg3 Rfe8 22. Bg5 Qe6 23. Nd5 Rac8 24. Qh4 Qe5 25. c3 f6 26. Bd2 g5 27. Qe1 e6 28. Nb4 a5 29. Nd3 Qb5 30. Nc1 h4 31. c4 Qc6 32. Bxa5 d5 33. exd5 exd5 34. Qc3 dxc4 35. Qxc4+ Qxc4 36. bxc4 Rxc4 37. Rd7 f5 38. Rxb7 Rg4 39. Rd1 h3 40. Rdd7 Be5 41. Rh7 Rh4 42. Rxh4 gxh4 43. Rb3 h2 44. Rh3 Bg3 45. Nd3 Re2 46. Ka2 Rg2 47. Bc3 0-1

[Event "Catalunya-chT GpA final"]
[Site "Barcelona"]
[Date "2017.03.25"]
[Round "3.10"]
[White "Rivas Garcia, Victor"]
[Black "Bals Hernandez, Jordi"]
[Result "0-1"]
[WhiteElo "2218"]
[BlackElo "2123"]
[PlyCount "62"]
[EventDate "2017.03.11"]
[EventType "team-tourn"]
[EventRounds "11"]
[EventCountry "ESP"]
[SourceTitle "CBM 177 Extra"]
[Source "ChessBase"]
[SourceDate "2017.04.27"]
[SourceVersion "1"]
[SourceVersionDate "2017.04.27"]
[SourceQuality "1"]
[WhiteTeam "Barbera"]
[BlackTeam "Mollet"]
[WhiteTeamCountry "ESP"]
[BlackTeamCountry "ESP"]

1. e4 c5 2. Nc3 d6 3. f4 g6 4. Nf3 Bg7 5. Bc4 Nc6 6. 0-0 e6 7. d3 Nge7 8. Qe1 0-0 9. f5 gxf5 10. Qh4 fxe4 11. dxe4 Ng6 12. Qh5 Qe7 13. Ng5 Bd4+ 14. Kh1 f6 15. Nh3 Nce5 16. Be2 Bxc3 17. bxc3 Bd7 18. Bh6 Rf7 19. c4 Bc6 20. Bd3 Kh8 21. Rf2 Rg8 22. Raf1 a6 23. Qe2 Nxd3 24. cxd3 Ne5 25. Rf4 Rg6 26. Rh4 f5 27. Qh5 fxe4 28. Bf4 Kg8 29. Rb1 Rf5 30. Bg5 Rfxg5 31. Nxg5 Rxg5 0-1

[Event "Catalunya-chT Gp2"]
[Site "Barcelona"]
[Date "2016.01.30"]
[Round "2.3"]
[White "Bruned Segura, Mario"]
[Black "Bals Hernandez, Jordi"]
[Result "1/2-1/2"]
[WhiteElo "2124"]
[BlackElo "2109"]
[PlyCount "59"]
[EventDate "2016.01.23"]
[EventType "team-tourn"]
[EventRounds "7"]
[EventCountry "ESP"]
[SourceTitle "CBM 170 Extra"]
[Source "ChessBase"]
[SourceDate "2016.02.25"]
[SourceVersion "1"]
[SourceVersionDate "2016.02.25"]
[SourceQuality "1"]
[WhiteTeam "Lleida"]
[BlackTeam "Mollet"]
[WhiteTeamCountry "ESP"]
[BlackTeamCountry "ESP"]

1. e4 c5 2. Nf3 Nc6 3. c3 d6 4. d4 Nf6 5. Be2 cxd4 6. cxd4 Nxe4 7. d5 Qa5+ 8. Nc3 Nxc3 9. bxc3 Ne5 10. Nxe5 Qxc3+ 11. Bd2 Qxe5 12. 0-0 Qxd5 13. Rb1 e5 14. Bb5+ Bd7 15. Bxd7+ Kxd7 16. Qa4+ Ke6 17. Rfd1 b6 18. Bg5 Qb7 19. Rb5 f6 20. Qb3+ Kd7 21. Qf7+ Be7 22. Rxe5 Rae8 23. Red5 fxg5 24. Rxd6+ Kc8 25. Qe6+ Kb8 26. Rd7 Qa6 27. Qe5+ Ka8 28. Qd5+ Kb8 29. Qe5+ Ka8 30. Qd5+ 1/2-1/2

[Event "Catalunya-chT Gp2"]
[Site "Barcelona"]
[Date "2015.02.21"]
[Round "5.2"]
[White "Del Amo Carbo, Jordi"]
[Black "Bals Hernandez, Jordi"]
[Result "1-0"]
[WhiteElo "2109"]
[BlackElo "2137"]
[PlyCount "99"]
[EventDate "2015.01.24"]
[EventType "team-tourn"]
[EventRounds "7"]
[EventCountry "ESP"]
[SourceTitle "EXT 2016"]
[Source "ChessBase"]
[SourceDate "2015.10.08"]
[SourceVersion "1"]
[SourceVersionDate "2015.10.08"]
[SourceQuality "1"]
[WhiteTeam "Terrassa"]
[BlackTeam "Mollet"]
[WhiteTeamCountry "ESP"]
[BlackTeamCountry "ESP"]

1. d4 Nf6 2. c4 g6 3. Nc3 Bg7 4. e4 d6 5. Bd3 0-0 6. Nge2 e5 7. d5 Nh5 8. Be3 f5 9. f3 Nd7 10. Bc2 Qh4+ 11. Bf2 Qg5 12. Rg1 a6 13. Qd2 Qe7 14. a4 f4 15. b4 g5 16. Nc1 Nhf6 17. h3 b6 18. Nb3 Rb8 19. Bd3 Bb7 20. a5 Rfc8 21. Ke2 Bf8 22. Rgb1 Qd8 23. b5 axb5 24. cxb5 bxa5 25. Nxa5 Nc5 26. Bxc5 dxc5 27. Bc4 Bd6 28. b6 cxb6 29. Nxb7 Rxb7 30. Ba6 Rcb8 31. Bxb7 Rxb7 32. Nb5 Bf8 33. Ra6 Nh5 34. d6 Nf6 35. Rd1 Qd7 36. Qa2+ Kg7 37. Qc4 Qc6 38. Ra7 Rxa7 39. Nxa7 Qd7 40. Nb5 Kg6 41. Ra1 Bxd6 42. Rd1 Ne8 43. Qd3 c4 44. Qxd6+ Nxd6 45. Rxd6+ Qxd6 46. Nxd6 c3 47. Kd3 h5 48. Kxc3 g4 49. Kc4 Kg5 50. Nf5 1-0

[Event "Catalunya-chT Gp2"]
[Site "Barcelona"]
[Date "2015.01.24"]
[Round "1.2"]
[White "Tallo Dominguez, Imar"]
[Black "Bals Hernandez, Jordi"]
[Result "0-1"]
[WhiteElo "2232"]
[BlackElo "2137"]
[PlyCount "96"]
[EventDate "2015.01.24"]
[EventType "team-tourn"]
[EventRounds "7"]
[EventCountry "ESP"]
[SourceTitle "CBM 164 Extra"]
[Source "ChessBase"]
[SourceDate "2015.03.02"]
[SourceVersion "1"]
[SourceVersionDate "2015.03.02"]
[SourceQuality "1"]
[WhiteTeam "Colon Sabadell"]
[BlackTeam "Mollet"]
[WhiteTeamCountry "ESP"]
[BlackTeamCountry "ESP"]

1. e4 c5 2. Nf3 Nc6 3. d4 cxd4 4. Nxd4 Nf6 5. Nc3 d6 6. h3 g6 7. Be3 Bg7 8. Bc4 0-0 9. Bb3 Bd7 10. 0-0 Qa5 11. f4 Nxd4 12. Bxd4 Bc6 13. Qd3 e6 14. Rad1 Rad8 15. g4 Rfe8 16. g5 Nh5 17. Bxg7 Nxg7 18. Rd2 Qc5+ 19. Kh2 b5 20. a3 a5 21. Nd1 a4 22. Ba2 b4 23. axb4 Qxb4 24. Nf2 Nh5 25. c3 Qb7 26. Qe3 Re7 27. Re1 Qa7 28. Qf3 Qc5 29. Ng4 Kg7 30. c4 Red7 31. Qc3+ e5 32. f5 Rb8 33. Qf3 Rdb7 34. Ree2 Nf4 35. Rf2 gxf5 36. Nf6 Rb3 37. Bxb3 Rxb3 38. Qd1 Rxh3+ 39. Kg1 Rg3+ 40. Kh2 Rh3+ 41. Kg1 Qe3 42. Nd5 Bxd5 43. cxd5 Qxe4 44. Rh2 Rg3+ 45. Kf1 Qe3 46. Rdf2 Nh3 47. Rxh3 Rxh3 48. Kg1 f4 0-1

[Event "Llinars del Valles op-A 8th"]
[Site "Llinars del Valles"]
[Date "2014.05.31"]
[Round "5"]
[White "Ortega Serra, Marc"]
[Black "Bals Hernandez, Jordi"]
[Result "1-0"]
[WhiteElo "2193"]
[BlackElo "2125"]
[PlyCount "55"]
[EventDate "2014.04.26"]
[EventType "swiss"]
[EventRounds "8"]
[EventCountry "ESP"]
[SourceTitle "EXT 2015"]
[Source "ChessBase"]
[SourceDate "2014.11.20"]
[SourceVersion "1"]
[SourceVersionDate "2014.11.20"]
[SourceQuality "1"]

1. d4 Nf6 2. c4 e6 3. Nf3 b6 4. g3 Bb7 5. Bg2 d6 6. 0-0 Be7 7. Nc3 0-0 8. Qc2 Nbd7 9. d5 e5 10. Bg5 h6 11. Bd2 Re8 12. Nh4 Bf8 13. Nf5 Rc8 14. b4 c6 15. Qa4 Qc7 16. Rac1 cxd5 17. Nxd5 Qb8 18. g4 Nxd5 19. cxd5 Nf6 20. Qb3 e4 21. g5 hxg5 22. Bxg5 Nxd5 23. Qg3 Rxc1 24. Rxc1 Bc8 25. Nxg7 Kxg7 26. Be7+ Kh8 27. Qh4+ Kg8 28. Bxe4 1-0

[Event "ESP-ch U18"]
[Site "Salobrena"]
[Date "2012.07.25"]
[Round "4"]
[White "Bals Hernandez, Jordi"]
[Black "Meneses Gonzalez, Kevin Moises"]
[Result "1/2-1/2"]
[WhiteElo "2166"]
[BlackElo "2264"]
[PlyCount "69"]
[EventDate "2012.07.23"]
[EventType "swiss"]
[EventRounds "9"]
[EventCountry "ESP"]
[SourceTitle "EXT 2014"]
[Source "ChessBase"]
[SourceDate "2013.11.20"]
[SourceVersion "1"]
[SourceVersionDate "2013.11.20"]
[SourceQuality "1"]

1. Nf3 Nf6 2. b3 g6 3. Bb2 Bg7 4. g3 0-0 5. Bg2 d6 6. d4 c5 7. 0-0 cxd4 8. Nxd4 d5 9. c4 dxc4 10. bxc4 Qb6 11. Qb3 Nfd7 12. Rd1 Nc5 13. Qxb6 axb6 14. Nc3 Na4 15. Rab1 Nxc3 16. Bxc3 Nd7 17. Nb5 Rxa2 18. Bxg7 Kxg7 19. Bxb7 Ne5 20. Nc3 Rc2 21. Bxc8 Rxc8 22. Nd5 Nxc4 23. e3 Rd8 24. Nxe7 Rdd2 25. Rxd2 Nxd2 26. Rxb6 Ne4 27. Rc6 Rd2 28. f4 Rd7 29. Nc8 Rd3 30. Rc2 Rxe3 31. Nb6 h5 32. Nc4 Re1+ 33. Kg2 Nf6 34. Ne5 Ng4 35. Nxg4 1/2-1/2

[Event "ESP-ch U18"]
[Site "Salobrena"]
[Date "2012.07.23"]
[Round "1"]
[White "Cruz Guerra, Samuel"]
[Black "Bals Hernandez, Jordi"]
[Result "0-1"]
[WhiteElo "1854"]
[BlackElo "2166"]
[PlyCount "104"]
[EventDate "2012.07.23"]
[EventType "swiss"]
[EventRounds "9"]
[EventCountry "ESP"]
[SourceTitle "EXT 2014"]
[Source "ChessBase"]
[SourceDate "2013.11.20"]
[SourceVersion "1"]
[SourceVersionDate "2013.11.20"]
[SourceQuality "1"]

1. e4 c5 2. d4 cxd4 3. c3 dxc3 4. Nxc3 Nc6 5. Nf3 d6 6. Bc4 a6 7. 0-0 Nf6 8. Qe2 Bg4 9. Rd1 e6 10. h3 Bxf3 11. gxf3 Be7 12. f4 Qc7 13. Be3 0-0 14. Rac1 Rac8 15. a3 Qb8 16. b4 b5 17. Ba2 Qb7 18. f3 Rfd8 19. Kh2 Bf8 20. Qf2 Ne7 21. Bb6 Rd7 22. a4 d5 23. axb5 axb5 24. e5 Nh5 25. Ne2 Nc6 26. Bb1 Nxb4 27. Rxc8 Qxc8 28. Qh4 g6 29. f5 Qb8 30. Bd4 Be7 31. Qg4 Ng7 32. fxg6 hxg6 33. Rg1 Nc6 34. Bxg6 Bf8 35. Bd3 Nxe5 36. Bxe5 Qxe5+ 37. f4 Qe3 38. Rg3 Qf2+ 39. Rg2 Qe3 40. Rg3 Qd2 41. Qh4 f5 42. Qf6 Re7 43. Bxb5 Qe1 44. Rg2 Qf1 45. h4 Qf3 46. Ng3 Qxf4 47. Qg6 Qxh4+ 48. Kg1 Qd4+ 49. Kh2 Qh4+ 50. Kg1 Ra7 51. Nh5 Ra1+ 52. Bf1 Bc5+ 0-1

[Event "Valles Oriental-ch prel"]
[Site "Llinars"]
[Date "2012.02.11"]
[Round "4.1"]
[White "Bals Hernandez, Jordi"]
[Black "Amores Gago, Javier"]
[Result "1-0"]
[WhiteElo "2265"]
[BlackElo "2246"]
[PlyCount "28"]
[EventDate "2012.01.14"]
[EventType "swiss"]
[EventRounds "5"]
[EventCountry "ESP"]
[SourceTitle "EXT 2024"]
[Source "ChessBase"]
[SourceDate "2023.10.10"]
[SourceVersion "1"]
[SourceVersionDate "2023.10.10"]
[SourceQuality "1"]

1. d4 c5 2. Nf3 Nf6 3. c4 g6 4. Nc3 Bg7 5. e4 cxd4 6. Nxd4 d6 7. Be2 0-0 8. 0-0 Nc6 9. Be3 a6 10. Rc1 Qc7 11. f3 e6 12. Qd2 b6 13. Nd5 Qb7 14. Nxc6 Qxc6 1-0

[Event "Mollet IM"]
[Site "Mollet del Valles"]
[Date "2011.12.10"]
[Round "6"]
[White "Bals Hernandez, Jordi"]
[Black "Colon Garcia, Enrique"]
[Result "1-0"]
[WhiteElo "2144"]
[BlackElo "2301"]
[PlyCount "101"]
[EventDate "2011.12.07"]
[EventType "tourn"]
[EventRounds "9"]
[EventCountry "ESP"]
[EventCategory "2"]
[SourceTitle "CBM 145 Extra"]
[Source "ChessBase"]
[SourceDate "2012.01.03"]
[SourceVersion "1"]
[SourceVersionDate "2012.01.03"]
[SourceQuality "1"]

1. d4 Nf6 2. c4 e6 3. Nc3 Bb4 4. Qc2 0-0 5. a3 Bxc3+ 6. Qxc3 b6 7. Bg5 Ba6 8. e3 d6 9. Bd3 Nbd7 10. Ne2 h6 11. Bh4 Rc8 12. Qc2 c5 13. Qa4 Bb7 14. 0-0 cxd4 15. exd4 Bc6 16. Qd1 d5 17. cxd5 Bxd5 18. Ba6 Ra8 19. Nc3 Bc6 20. Rc1 g5 21. Bg3 Nb8 22. Bc4 Nd5 23. Qh5 Qf6 24. Be5 Qg6 25. Qxg6+ fxg6 26. Nxd5 Bxd5 27. Bxd5 exd5 28. Rc7 Rf7 29. Rc8+ Rf8 30. Rxf8+ Kxf8 31. f4 g4 32. f5 Nc6 33. fxg6+ Kg8 34. Rf5 Re8 35. Kf2 Re6 36. Rf6 Rxf6+ 37. Bxf6 Nb8 38. Kg3 Nd7 39. Be5 h5 40. Kf4 b5 41. Kf5 a5 42. Ke6 Nb6 43. b3 a4 44. bxa4 bxa4 45. Kd6 h4 46. Kc6 Nc4 47. Kxd5 Ne3+ 48. Ke6 Nxg2 49. d5 Ne3 50. d6 g3 51. d7 1-0

[Event "Mollet IM"]
[Site "Mollet del Valles"]
[Date "2011.12.10"]
[Round "7"]
[White "Rojas Keim, Luis Alberto"]
[Black "Bals Hernandez, Jordi"]
[Result "1-0"]
[WhiteElo "2397"]
[BlackElo "2144"]
[PlyCount "41"]
[EventDate "2011.12.07"]
[EventType "tourn"]
[EventRounds "9"]
[EventCountry "ESP"]
[EventCategory "2"]
[SourceTitle "CBM 145 Extra"]
[Source "ChessBase"]
[SourceDate "2012.01.03"]
[SourceVersion "1"]
[SourceVersionDate "2012.01.03"]
[SourceQuality "1"]

1. e4 c5 2. Nf3 Nc6 3. d4 cxd4 4. Nxd4 g6 5. Nc3 Bg7 6. Be3 Nf6 7. Bc4 Qa5 8. Nb3 Qc7 9. 0-0 Rg8 10. Bg5 Qb8 11. Qd2 d6 12. Rae1 Nd7 13. Bh6 a6 14. Bxg7 Rxg7 15. a4 b6 16. Re3 Nde5 17. Be2 Be6 18. Nd5 f5 19. f4 Ng4 20. Bxg4 fxg4 21. Qc3 1-0

[Event "ESP-ch U16"]
[Site "Padron"]
[Date "2011.07.20"]
[Round "3"]
[White "Bals Hernandez, Jordi"]
[Black "Ladron de Guevara Pinto, Paolo"]
[Result "0-1"]
[WhiteElo "2082"]
[BlackElo "2271"]
[PlyCount "74"]
[EventDate "2011.07.19"]
[EventType "swiss"]
[EventRounds "9"]
[EventCountry "ESP"]
[SourceTitle "CBM 143 Extra"]
[Source "ChessBase"]
[SourceDate "2011.08.29"]
[SourceVersion "1"]
[SourceVersionDate "2011.08.29"]
[SourceQuality "1"]

1. d4 e6 2. c4 Bb4+ 3. Nc3 c5 4. e3 d6 5. Qc2 Nc6 6. Nf3 Nf6 7. a3 Ba5 8. Be2 0-0 9. 0-0 Bc7 10. d5 Ne7 11. e4 Ng6 12. b4 b6 13. Ne1 e5 14. Nd3 Nd7 15. Be3 a6 16. g3 Qe7 17. h4 Re8 18. h5 Ngf8 19. Rfb1 Nf6 20. h6 Ng4 21. hxg7 Kxg7 22. Qd2 Nxe3 23. Qxe3 Ng6 24. Kg2 f5 25. Rh1 f4 26. Qf3 Rf8 27. Qh5 Kg8 28. a4 cxb4 29. Nxb4 Qf7 30. Raf1 Qg7 31. Nd3 Bd7 32. Bg4 Bxg4 33. Qxg4 Rf7 34. Qh3 Raf8 35. Qh6 Qxh6 36. Rxh6 fxg3 37. Kxg3 Rf3+ 0-1

[Event "Mollet del Valles Tancat MC 1st"]
[Site "Mollet del Valles"]
[Date "2011.06.18"]
[Round "9"]
[White "Rojano Alfonso, Carlos"]
[Black "Bals Hernandez, Jordi"]
[Result "1/2-1/2"]
[WhiteElo "2011"]
[BlackElo "2061"]
[PlyCount "39"]
[EventDate "2011.04.30"]
[EventType "tourn"]
[EventRounds "9"]
[EventCountry "ESP"]
[SourceTitle "EXT 2024"]
[Source "ChessBase"]
[SourceDate "2023.10.10"]
[SourceVersion "1"]
[SourceVersionDate "2023.10.10"]
[SourceQuality "1"]

1. e4 e5 2. Nf3 Nc6 3. Bb5 a6 4. Bxc6 dxc6 5. d4 exd4 6. Qxd4 Qxd4 7. Nxd4 Nf6 8. Nc3 Bb4 9. e5 Nd5 10. Bd2 0-0 11. Nxd5 Bxd2+ 12. Kxd2 cxd5 13. b4 b6 14. Nb3 Be6 15. Nd4 c5 16. Nxe6 fxe6 17. bxc5 bxc5 18. f3 Rab8 19. c4 d4 20. Rab1 1/2-1/2

[Event "Mollet del Valles Tancat MC 1st"]
[Site "Mollet del Valles"]
[Date "2011.05.21"]
[Round "5"]
[White "Luke Brezmes, Cristofer"]
[Black "Bals Hernandez, Jordi"]
[Result "0-1"]
[WhiteElo "2095"]
[BlackElo "2061"]
[PlyCount "68"]
[EventDate "2011.04.30"]
[EventType "tourn"]
[EventRounds "9"]
[EventCountry "ESP"]
[SourceTitle "EXT 2024"]
[Source "ChessBase"]
[SourceDate "2023.10.10"]
[SourceVersion "1"]
[SourceVersionDate "2023.10.10"]
[SourceQuality "1"]

1. e4 c5 2. Nf3 Nc6 3. d4 cxd4 4. Nxd4 g6 5. Nc3 Bg7 6. Be3 Nf6 7. Bc4 0-0 8. Bb3 d6 9. f3 Bd7 10. h4 h5 11. Qd2 Na5 12. 0-0-0 Nxb3+ 13. cxb3 Qa5 14. Kb1 Rfc8 15. g4 hxg4 16. Rdg1 Qe5 17. h5 gxh5 18. f4 Qa5 19. b4 Qc7 20. f5 Qc4 21. Rg3 Bc6 22. Nxc6 Rxc6 23. Qg2 Qxb4 24. Bg5 Rxc3 25. Rxc3 Qxe4+ 26. Rc2 Qxf5 27. Qxb7 Rd8 28. Qc7 Re8 29. Bxf6 Bxf6 30. Qc6 Rb8 31. Kc1 h4 32. Qc7 Qf4+ 33. Kb1 Rxb2+ 34. Rxb2 Qe4+ 0-1

[Event "Mollet del Valles Tancat MC 1st"]
[Site "Mollet del Valles"]
[Date "2011.05.07"]
[Round "3"]
[White "Garriga Cazorla, Pere"]
[Black "Bals Hernandez, Jordi"]
[Result "0-1"]
[WhiteElo "1867"]
[BlackElo "2061"]
[PlyCount "50"]
[EventDate "2011.04.30"]
[EventType "tourn"]
[EventRounds "9"]
[EventCountry "ESP"]
[SourceTitle "EXT 2024"]
[Source "ChessBase"]
[SourceDate "2023.10.10"]
[SourceVersion "1"]
[SourceVersionDate "2023.10.10"]
[SourceQuality "1"]

1. d4 Nf6 2. Bg5 e6 3. e4 h6 4. Bxf6 Qxf6 5. Nc3 d6 6. Qd2 c6 7. 0-0-0 e5 8. d5 Nd7 9. g3 Be7 10. Bg2 Nb6 11. Kb1 cxd5 12. exd5 0-0 13. Ne4 Qg6 14. h4 f5 15. h5 Qf7 16. Nc3 Bd7 17. b3 Rac8 18. Nge2 Rc5 19. Nc1 e4 20. f3 Bg5 21. Qe1 Rfc8 22. N3e2 Rxc2 23. fxe4 Qf6 24. Nd3 Bb5 25. e5 dxe5 0-1

[Event "Catalunya-ch U16"]
[Site "Vila Seca"]
[Date "2011.04.19"]
[Round "7.1"]
[White "Bals Hernandez, Jordi"]
[Black "Garcia Lopez, Nicolas"]
[Result "1-0"]
[WhiteElo "2061"]
[BlackElo "1788"]
[PlyCount "73"]
[EventDate "2011.04.16"]
[EventType "swiss"]
[EventRounds "8"]
[EventCountry "ESP"]
[SourceTitle "EXT 2015"]
[Source "ChessBase"]
[SourceDate "2014.11.20"]
[SourceVersion "1"]
[SourceVersionDate "2014.11.20"]
[SourceQuality "1"]

1. c4 e5 2. Nc3 Nc6 3. g3 g6 4. Bg2 Bg7 5. e3 Nge7 6. Nge2 f5 7. d4 e4 8. f3 exf3 9. Bxf3 d6 10. 0-0 0-0 11. Rb1 Nb8 12. b4 Nd7 13. a4 Nf6 14. Qb3 c6 15. b5 g5 16. Ba3 Re8 17. Qb4 d5 18. Qb3 Be6 19. c5 Ne4 20. Nxe4 fxe4 21. Bxe4 Bh3 22. Bg2 Bxg2 23. Kxg2 Ng6 24. Rbe1 Qe7 25. Nc3 Qd7 26. e4 Nh4+ 27. gxh4 Qg4+ 28. Kh1 Bxd4 29. Qd1 Qxd1 30. Nxd1 dxe4 31. hxg5 Re5 32. Rf4 Rxg5 33. Rfxe4 Bxc5 34. Bxc5 Rxc5 35. bxc6 Rxc6 36. Ne3 Rac8 37. Nf5 1-0

[Event "Catalunya-ch U16"]
[Site "Vila Seca"]
[Date "2011.04.19"]
[Round "6.1"]
[White "Ruiz Font, Elisabet"]
[Black "Bals Hernandez, Jordi"]
[Result "1/2-1/2"]
[WhiteElo "1927"]
[BlackElo "2061"]
[PlyCount "109"]
[EventDate "2011.04.16"]
[EventType "swiss"]
[EventRounds "8"]
[EventCountry "ESP"]
[SourceTitle "EXT 2015"]
[Source "ChessBase"]
[SourceDate "2014.11.20"]
[SourceVersion "1"]
[SourceVersionDate "2014.11.20"]
[SourceQuality "1"]

1. e4 c5 2. Nf3 Nc6 3. d4 cxd4 4. Nxd4 g6 5. Nc3 Bg7 6. Be3 Nf6 7. Bc4 0-0 8. Bb3 d6 9. f3 Bd7 10. Qd2 Na5 11. Bh6 Nxb3 12. axb3 a5 13. Bxg7 Kxg7 14. 0-0 Bc6 15. Ra3 Qc7 16. Rfa1 b5 17. Nxc6 Qxc6 18. Ne2 b4 19. Ra4 Rfc8 20. c3 bxc3 21. bxc3 Qb6+ 22. Qd4 Qxb3 23. Rxa5 Rxa5 24. Rxa5 Qb2 25. Kf2 Rc7 26. Ra7 e5 27. Qe3 Rb7 28. Rxb7 Qxb7 29. Qd3 Qb6+ 30. Qe3 Qc6 31. Qd3 Nd7 32. h3 Qb6+ 33. Kg3 Nf6 34. Qd1 Nh5+ 35. Kh2 Qf2 36. Qd3 h6 37. c4 g5 38. Qxd6 Qxe2 39. Qxe5+ Kg6 40. Qf5+ Kg7 41. Qe5+ Nf6 42. Qd4 Kg6 43. Qd6 Kg7 44. Qd4 Kg6 45. Qd6 Qxc4 46. e5 Qf4+ 47. Kg1 h5 48. Qxf6+ Qxf6 49. exf6 Kxf6 50. g3 Ke5 51. Kf1 Kd4 52. Ke2 f6 53. g4 hxg4 54. hxg4 Kd5 55. Kd3 1/2-1/2